Statystyki dla Piłkarze należący do klubu 100

Kliknij tutaj aby rozwiązać quiz!

Ogólne statystyki

  • Ten quiz został rozwiązany 50 razy
  • Średni wynik to 10 z 33

Statystyki odpowiedzi

Lata gry w Polskiej lidzeLiczba goliImię i nazwisko% Poprawnych
1970-1980111Grzegorz Lato
77%
1992-2003167Tomasz Frankowski
69%
1963-1975155Włodzimierz Lubański
69%
1994-2011121Maciej Żurawski
67%
2014-103Flavio Paixao
63%
2001-2020149Paweł Brożek
63%
1954-1967186Ernest Pohl
58%
1954-1971182Lucjan Brychczy
54%
1972-1980109Andrzej Szarmach
52%
1994-2013109Piotr Reiss
44%
2006-2019120Marcin Robak
42%
1948-1959168Gerard Cieślik
40%
1995-2016100Marek Saganowski
40%
1923-1933128Henryk Reyman
29%
1929-1939117Ernest Wilmowski
25%
1990-2003122Jerzy Podbrożny
25%
1968-1982153Kazimierz Kmiecik
23%
1948-1961138Teodor Anioła
21%
1984-1998104Marek Koniarek
17%
1921-1934104Wacław Kuchar
17%
1991-2003103Mariusz Śrutwa
15%
1927-1939129Fryderyk Scherfke
13%
1928-1948157Teodor Peterek
13%
1954-1971146Jan Liberda
10%
1963-1974113Andrzej Jarosik
6%
1963-1975102Joachim Marx
6%
1926-1939121Józef Nawrot
6%
1927-1935100Karol Kossok
6%
1929-1948108Michał Matyas
6%
1951-1963100Henryk Kempny
4%
1931-1947102Artur Woźniak
2%
1959-1971104Eugeniusz Faber
2%
1957-1974107Eugeniusz Lerch
2%

Rozkład punktacji

Percentyl według liczby udzielonych odpowiedzi

Procent ludzi z każdym wynikiem

Twoja historia wyników

Nie rozwiązałeś tego quizu